Keizaigaku o manabu hito no tame ni /

Saved in:
Bibliographic Details
Main Author: Tsuru, Shigeto, 1912-
Format: Book
Language:Japanese
Published: Tōkyō : Kōdansha, Shōwa 50 [1975]
Series:Tsuru Shigeto chosakushū ; dai 1-kan.
Subjects:
Tags: Add Tag
No Tags, Be the first to tag this record!
LEADER 01173nam a2200325 i 4500
001 007743359-9
005 20024617115958.0
008 900813s1975 ja a b 001 0 jpn
010 |a 75808186 /J 
015 |a Ja*** 
035 0 |a ocm22214285 
035 0 |a ocm22214285  |z ocm33534990 
040 |a DLC  |c WaU  |d OCoLC  |d *YNH*  |d CStRLIN 
050 0 |a HB54  |b .T76 vol. 1  |a HB601 
100 1 |6 880-01  |a Tsuru, Shigeto,  |d 1912- 
245 1 0 |6 880-02  |a Keizaigaku o manabu hito no tame ni /  |c [Tsuru Shigeto]. 
260 |6 880-03  |a Tōkyō :  |b Kōdansha,  |c Shōwa 50 [1975] 
300 |a vii, 589, 5 p. :  |b ill. ;  |c 20 cm. 
490 1 |6 880-04  |a Tsuru Shigeto chosakushū ;  |v dai 1-kan 
504 |a Includes bibliographical references and index. 
650 0 |a Income. 
650 0 |a Welfare economics. 
880 1 |6 100-01  |a 都留重人,  |d 1912- 
880 1 0 |6 245-02  |a 経済学を学ぶ人のために /  |c [都留重人]. 
880 |6 260-03  |a 東京 :  |b 講談社,  |c 昭和50 [1975] 
880 1 |6 490-04  |a 都留重人著作集 ;  |v 第1卷 
830 0 |6 880-54  |a Tsuru Shigeto chosakushū ;  |v dai 1-kan. 
880 0 |6 830-54  |a 都留重人著作集 ;  |v 第1卷. 
988 |a 20021214 
906 |0 DLC